Catálogo público

Efecto residual de cobre en tejidos y excretas de pollo de engorda suplementados con sulfato de cobre y bioplex (Record no. 93370)

MARC details
000 -CABECERA
campo de control de longitud fija 01771nam a22004457a 4500
003 - IDENTIFICADOR DEL NÚMERO DE CONTROL
campo de control CHAP
005 - FECHA Y HORA DE LA ÚLTIMA TRANSACCIÓN
campo de control 20220329143218.0
008 - DATOS DE LONGITUD FIJA--INFORMACIÓN GENERAL
campo de control de longitud fija 070307d2007 mx r 00110 spa d
010 ## - NÚMERO DE CONTROL DE LA BIBLIOTECA DEL CONGRESO
Número de control de LC 93370
011 ## - ENLACE DEL NUMERO DE CONTROL DE LA BIBLIOTECA DEL CONGRESO [OBSOLETO]
Número de control de LC 94342
035 ## - NÚMERO DE CONTROL DEL SISTEMA
Número de control de sistema 104930
040 ## - FUENTE DE LA CATALOGACIÓN
Centro/agencia transcriptor CHAP
090 ## - LOCALMENTE ASIGNADO TIPO-LC NÚMERO DE CLASIFICACIÓN (OCLC); NÚMERO DE CLASIFICACIÓN LOCAL (RLIN)
Número de clasificación (OCLC) (R) ; Numero de clasificación, CALL (RLIN) (NR) Tesis
100 1# - ENTRADA PRINCIPAL--NOMBRE DE PERSONA
Nombre de persona Gómez Camarillo, Claudia del Rocío.
9 (RLIN) 49635
245 10 - MENCIÓN DE TÍTULO
Título Efecto residual de cobre en tejidos y excretas de pollo de engorda suplementados con sulfato de cobre y bioplex
Mención de responsabilidad, etc. /por Gómez Camarillo, Claudia del Rocío y Reyes Campos, Juan Carlos
260 ## - PUBLICACIÓN, DISTRIBUCIÓN, ETC.
Lugar de publicación, distribución, etc. Chapingo, Méx. :
Nombre del editor, distribuidor, etc. El autor,
Fecha de publicación, distribución, etc. 2007.
300 ## - DESCRIPCIÓN FÍSICA
Extensión 56 h. :
Otras características físicas gráfs.; cuadros.
502 ## - NOTA DE TESIS
Nota de tesis Tesis (Ing. Agr. Esp. en Zootecnia) - - UACH. Departamento de Zootecnia
530 ## - NOTA DE FORMATO FÍSICO ADICIONAL DISPONIBLE
Nota de formato físico adicional disponible También disponible en línea
590 ## - NOTA LOCAL (RLIN)
Nota local ALEPH
Procedencia (VM) [OBSOLETO] 10
Condición del los carretes individuales (VM) [OBSOLETO] 20130110
-- UCH01
-- 1517
590 ## - NOTA LOCAL (RLIN)
Nota local BATCH-UPD
Procedencia (VM) [OBSOLETO] 10
Condición del los carretes individuales (VM) [OBSOLETO] 20130110
-- UCH01
-- 0745
590 ## - NOTA LOCAL (RLIN)
Nota local BATCH-UPD
Procedencia (VM) [OBSOLETO] 10
Condición del los carretes individuales (VM) [OBSOLETO] 20130410
-- UCH01
-- 0426
590 ## - NOTA LOCAL (RLIN)
Nota local BATCH-UPD
Procedencia (VM) [OBSOLETO] 10
Condición del los carretes individuales (VM) [OBSOLETO] 20130914
-- UCH01
-- 0451
590 ## - NOTA LOCAL (RLIN)
Nota local BATCH-UPD
Procedencia (VM) [OBSOLETO] 10
Condición del los carretes individuales (VM) [OBSOLETO] 20140324
-- UCH01
-- 1501
590 ## - NOTA LOCAL (RLIN)
Nota local BATCH-UPD
Procedencia (VM) [OBSOLETO] 10
Condición del los carretes individuales (VM) [OBSOLETO] 20141002
-- UCH01
-- 0833
590 ## - NOTA LOCAL (RLIN)
Nota local CONVERSION
Procedencia (VM) [OBSOLETO] 10
Condición del los carretes individuales (VM) [OBSOLETO] 20130109
-- UCH01
-- 1352
650 14 - PUNTO DE ACCESO ADICIONAL DE MATERIA--TÉRMINO DE MATERIA
Término de materia o nombre geográfico como elemento de entrada Aves de corral
Subdivisión general Alimentación.
9 (RLIN) 8638
650 14 - PUNTO DE ACCESO ADICIONAL DE MATERIA--TÉRMINO DE MATERIA
Término de materia o nombre geográfico como elemento de entrada Aves de corral
Subdivisión general Engorda.
9 (RLIN) 8647
650 14 - PUNTO DE ACCESO ADICIONAL DE MATERIA--TÉRMINO DE MATERIA
Término de materia o nombre geográfico como elemento de entrada Carne de pollo
Subdivisión general Mercadeo.
9 (RLIN) 19166
650 14 - PUNTO DE ACCESO ADICIONAL DE MATERIA--TÉRMINO DE MATERIA
Término de materia o nombre geográfico como elemento de entrada Carne de pollo
Subdivisión general Producción.
9 (RLIN) 19170
650 14 - PUNTO DE ACCESO ADICIONAL DE MATERIA--TÉRMINO DE MATERIA
Término de materia o nombre geográfico como elemento de entrada Cobre en nutrición animal.
9 (RLIN) 24191
650 14 - PUNTO DE ACCESO ADICIONAL DE MATERIA--TÉRMINO DE MATERIA
Término de materia o nombre geográfico como elemento de entrada Gallinaza en alimentación animal.
9 (RLIN) 44446
700 1# - PUNTO DE ACCESO ADICIONAL--NOMBRE DE PERSONA
Nombre de persona Reyes Campos, Juan Carlos
9 (RLIN) 96761
856 ## - LOCALIZACIÓN Y ACCESO ELECTRÓNICOS
Especificación de materiales Finding aid
Identificador Uniforme del Recurso <a href="http://10.13.5.2/tesis/104930.pdf">http://10.13.5.2/tesis/104930.pdf</a>
Nota pública Teclea aqui
901 ## - ELEMENTOS DE DATOS A LOCAL LDA (RLIN)
a BK
905 ## - ELEMENTOS DE DATOS E LOCAL, LDE (RLIN)
a Elisama A. H.
942 ## - ELEMENTOS DE PUNTO DE ACCESO ADICIONAL (KOHA)
Tipo de ítem Koha Folleto
949 ## - PROCESAMIENTO DE INFORMACIÓN LOCAL (OCLC)
a Tesis
b BC
c TES
d 33724002019132
e TS1
h 46421
i 104930
s b
949 ## - PROCESAMIENTO DE INFORMACIÓN LOCAL (OCLC)
a Tesis
b BC
c TES
d 33724002019173
e TS2
f c.2
h 46422
i 104930
s b
Holdings
Estado de retiro Estado de pérdida Fuente del sistema de clasificación o colocación Estado dañado Restricciones de uso No para préstamo Código de colección Localización permanente Ubicación/localización actual Ubicación en estantería Fecha de adquisición Información codificada de la localización en otra ubicación Total de préstamos Signatura topográfica completa Código de barras Fecha visto por última vez Número de copia Precio válido a partir de Tipo de ítem Koha
    Clasificación Universidad Autónoma de Chapingo   Préstamo 3 días   Tesis Biblioteca Central Biblioteca Central Planta alta - Área de Tesis - Tesis 31/12/2019 TESIS   Tesis 33724002019173 31/12/2019 c.2 31/12/2019 Tesis
    Clasificación Universidad Autónoma de Chapingo   Préstamo interno   Tesis Biblioteca Central Biblioteca Central Planta alta - Área de Tesis - Tesis 31/12/2019 TESIS   Tesis 33724002019132 31/12/2019   31/12/2019 Tesis